000 01134cam a2200145 4500500
005 20251214001958.0
041 _afre
042 _adc
100 1 0 _aBéguin, Michèle
_eauthor
700 1 0 _aPumain, Denise
_eauthor
245 0 0 _aLa représentation des données géographiques : Statistique et cartographie
260 _bArmand Colin,
_c2023.
520 _aCe manuel présente les principaux outils et les méthodes essentielles pour réaliser tous types de cartes et graphiques. Dans un exposé clair, assorti de très nombreux exemples et définitions, il énonce : les règles fondamentales du traitement des données et du langage graphique, les choix possibles de représentation et les logiques du maniement des outils statistiques et cartographiques de base. Cette nouvelle édition vient également faire le point sur des formes inédites d’information géographique issues de la géolocalisation et des objets connectés. Un ouvrage indispensable pour travailler en autonomie.
856 4 1 _uhttps://shs.cairn.info/la-representation-des-donnees-geographiques--9782200634827?lang=fr&redirect-ssocas=7080
999 _c1566629
_d1566629